000 00828nam a22002415a 4500
999 _c181260
_d181260
005 20210907100407.0
010 _aB-357106 B-741441
020 _c60.00
_a9789384812263
035 _aB-357106
035 _aB-741441
037 _bDBAD / PUB
037 _bGift
082 _aS
100 _aIyer, Kolar Krishna
245 _aBhagavatam /
_cby Kolar Krishna Iyer
260 _aVijayawada
_bSwathi Book House
_c2017
270 _a28-22-20, Rahiman Street, Arundelpet,
_bVijayawada
_e520002
300 _a40p.:
_c26cm(pbk)
_bcol. ill
490 _aPopular stories in easy English
650 _aChildren's stories, English
942 _2ddc
_cCH
_hS
_mIYE